Řízení lidských zdrojů ve veřejném sektoru
Guardado en:
| Autor principal: | |
|---|---|
| Formato: | Libro |
| Lenguaje: | checo |
| Publicado: |
Praha
Wolters Kluwer
2022
|
| Edición: | 1. vydání |
| Materias: | |
| Etiquetas: |
Sin Etiquetas, Sea el primero en etiquetar este registro!
|
MARC
| LEADER | 00000nam a2200000 4500 | ||
|---|---|---|---|
| 001 | 0306423 | ||
| 005 | 20250129104458.1 | ||
| 020 | |a 978-80-7676-393-7 | ||
| 041 | 0 | |a cze | |
| 044 | |a CZ | ||
| 245 | 1 | 0 | |a Řízení lidských zdrojů ve veřejném sektoru |c Iveta Chmielová Dalajková |
| 250 | |a 1. vydání | ||
| 264 | 1 | |a Praha |b Wolters Kluwer |c 2022 | |
| 300 | |a 258 s. | ||
| 610 | 2 | 0 | |a správa verejná |
| 610 | 2 | 0 | |a sektor verejný |
| 610 | 2 | 0 | |a riadenie ľudských zdrojov |
| 610 | 2 | 0 | |a riadenie personálne |
| 610 | 2 | 0 | |a plánovanie personálne |
| 100 | 1 | |a Chmielová Dalajková, Iveta | |